000 00432nam a22001697a 4500
003 SGT
020 _a9789366160191
082 _a614.1
_bP25B
100 _aBARDALE, RAJESH
245 _aPRINCIPLES OF FORENSIC MEDICINE AND TOXICOLOGY
250 _a4TH
260 _aNEW DELHI
_bJAYPEE BRO. PUB.
_c2025
300 _a815
650 _aFORENSIC MEDICINE
653 _aPRINCIPLES , FORENSIC, MEDICINE ,TOXICOLOGY
942 _2ddc
_cBK
999 _c34740
_d34740